| 000 | 00699nam a2200193Ia 4500 | ||
|---|---|---|---|
| 001 | 39416 | ||
| 003 | OSt | ||
| 005 | 20160505095327.0 | ||
| 008 | 140423s9999 xx 000 0 und d | ||
| 020 | _aNA | ||
| 040 | _cPK-LaUMT | ||
| 082 |
_a 291 _bMAZ-I |
||
| 100 | _aMazhar ud Din Siddiqi, Muhammad | ||
| 245 |
_a(اسلام اور مذاہب عالم)Islam aur mazhaahb-e-Alam (Urdu) _b(تقابلی مطالعہ)taqabli mutaleah _c(مظہر الدین صدیقی، محمد)Mazhar ud Din Siddiqi, Muhammad |
||
| 260 |
_a(لاہور،پاکستان)Lahore,Pakistan: _b(ادارہ ثقافت اسلامیہ)Idarah-e-Sikaft-e-Islamia, _c2002 |
||
| 300 | _a246 p. | ||
| 546 | _aUR | ||
| 942 |
_cBK _2ddc |
||
| 999 |
_c38725 _d38725 |
||